[Event "IECG RF.2001.0.00002"]
[Site "IECG email"]
[Date "2001.05.29"]
[Round "?"]
[White "Redondo, Francisco"]
[Black "Ahrens, Gerd"]
[Result "1/2-1/2"]
[WhiteElo "1112"]
[BlackElo "1000"]
[PlyCount "59"]
[EventDate "2001.05.29"]
[EventType "tourn (corr)"]
[EventRounds "6"]
[SourceTitle "Corr 2008"]
[Source "ChessBase"]
[SourceDate "2008.06.24"]
[SourceVersion "1"]
[SourceVersionDate "2008.06.24"]
[SourceQuality "1"]

1. e4 c5 2. Nf3 e6 3. d4 cxd4 4. Nxd4 Nf6 5. Nc3 d6 6. Be2 a6 7. 0-0 Be7 8. f4 0-0 9. a4 Qc7 10. Kh1 Rd8 11. Be3 b6 12. Bf3 Bb7 13. e5 Ne8 14. Qe2 Nc6 15. f5 Nxd4 16. Bxd4 Bxf3 17. Rxf3 dxe5 18. Bxe5 Qc6 19. Bg3 Bf6 20. fxe6 Qxe6 21. Qxe6 fxe6 22. Re3 Nd6 23. Rxe6 Nc4 24. Bf2 Kf7 25. Re2 Nxb2 26. Ne4 Nd1 27. Rb1 Nxf2+ 28. Rxf2 Rd4 29. Nxf6 gxf6 30. g3 1/2-1/2